| 000 | 01785nam a22005177a 4500 | ||
|---|---|---|---|
| 003 | AR-RoUNA | ||
| 005 | 20250917174118.0 | ||
| 008 | 250917b |||||||| |||| 00| 0 spa d | ||
| 020 | _a8425206464 | ||
| 040 |
_aAR-RoUNA _bspa _dAR-RoUNA |
||
| 041 |
_aspa _hspa |
||
| 044 | _aag | ||
| 100 | 1 |
_aPignatari, Decio _927440 |
|
| 245 | 1 | 0 |
_aInformacion, lenguaje, comunicacion / _c Decio Pignatari; traduccion al castellano de Basilio Losada Castro |
| 250 | _a1a. ed. | ||
| 260 |
_aBarcelona : _bGustavo Gili, _c1977 |
||
| 300 |
_a95 p. _bgráficos _c20x13 cm |
||
| 490 | _aColeccion Punto y Linea | ||
| 505 | 0 | _tINDICE | |
| 505 | 0 | _tPrologo a la edicion castellana, por Décio Pignatari /p.7 | |
| 505 | 0 | _a1. Introduccion a la teoria de la informacion /p.11 | |
| 505 | 0 | _a2. Semiotica o teoria de los signos /p.20 | |
| 505 | 0 | _a3. Estadistica e informacion /p.31 | |
| 505 | 0 | _a4. La teoria de la informacion /p.37 | |
| 505 | 0 | _a5. Investigaciones y aplicaciones /p.46 | |
| 505 | 0 | _a6. Comunicacion y cultura de masas /p.57 | |
| 505 | 0 | _tBibliografia /p.67 | |
| 505 | 0 | _tApendice /p.71 | |
| 505 | 0 | _aHabitacion e informacion /p.71 | |
| 505 | 0 | _aPop-eye - Industrial design /p.74 | |
| 505 | 0 | _aKitsch y repertorio /p.80 | |
| 505 | 0 | _aArte grafico y el otro /p.84 | |
| 505 | 0 | _aVanguardia en explosion sonora /p.88 | |
| 505 | 0 | _aLa enseñanza automatica /p.94 | |
| 505 | 0 | _tNotas /p.97 | |
| 650 | 4 | _aComunicacion | |
| 650 | 4 | _aMedios de comunicacion social | |
| 650 | 4 | _aSemiotica y las artes | |
| 650 | 4 |
_aLenguaje _xLinguistica |
|
| 700 | 1 |
_aLosada Castro, Basilio _927444 |
|
| 908 | _aImp | ||
| 930 | _e12242 | ||
| 942 |
_2ddc _cLIB |
||
| 945 |
_aMIA _d2025-09-17 |
||
| 980 |
_61 _aMaricel Allasia _81 _gMaricel Allasia |
||
| 999 |
_c12121 _d12121 |
||